| 000 | 00878nac a22002531u 4500 | ||
|---|---|---|---|
| 010 | _a99076978 | ||
| 020 | _a0324258755 : | ||
| 020 | _a0324232780 : | ||
| 020 | _a0324225024 : | ||
| 082 | 0 | 0 |
_a658.15 _bBES |
| 090 |
_c8652 _d8652 |
||
| 100 | _aBesley, Scott. | ||
| 245 | 1 | 0 |
_aEssentials of managerial finance / _cScott Besley, Eugene F. Brigham. |
| 250 | _a13th ed. | ||
| 260 |
_aMason, OH : _bThomson South-Western,2005. _cc2005. |
||
| 300 |
_axviii, 808 p. : _bcol. ill. ; _c26 cm. |
||
| 500 | _aDistributer: Bacca | ||
| 504 | _aIncludes bibliographical references and index. | ||
| 511 | _aCatalogued by: Sara | ||
| 650 | 0 |
_aCorporations _xFinance. |
|
| 700 | 1 |
_aBrigham, Eugene F., _d1930- |
|
| 942 |
_cBB _k658.15BES |
||
| 999 |
_c8652 _d8652 |
||